=LDR 00000nam 2200000 4500 =001 INLIS000000000810213 =005 20251113021616 =035 ##$$a 0010-1125000067 =245 ##$$a Buku Pintar Masjid /$c Syaikh Abdullah bin Shalih Al-Fauzan =250 ##$$a Cet. 1 =300 ##$$a 456 hlm ; $c 24 cm. =260 ##$$a Jakarta timur : :$b Pustaka Al Kautsar,$c 2011 =082 ##$$a 297.362 =084 ##$$a 297.362 FAU b =020 ##$$a 9786029183337 =990 ##$$a 00000004723 =990 ##$$a 00000004724